Indian Parliament : (Record no. 42294)
[ view plain ]
| 000 -LEADER | |
|---|---|
| fixed length control field | 00876nam a2200253 a 4500 |
| 001 - CONTROL NUMBER | |
| control field | 42294 |
| 003 - CONTROL NUMBER IDENTIFIER | |
| rucl marc code | BD-RjUL |
| 005 - DATE AND TIME OF LATEST TRANSACTION | |
| control field | 20211209053523.0 |
| 008 - FIXED-LENGTH DATA ELEMENTS--GENERAL INFORMATION | |
| fixed length control field | 160611s1994 ii b 001 0 eng d |
| 020 ## - INTERNATIONAL STANDARD BOOK NUMBER | |
| International Standard Book Number | 817100315X |
| 035 ## - SYSTEM CONTROL NUMBER | |
| System control number | (BD-RjUL)42412 |
| 040 ## - CATALOGING SOURCE | |
| Original cataloging agency | UkOxU |
| Language of cataloging | eng |
| Transcribing agency | UkOxU |
| Modifying agency | BD-RjUL |
| 041 ## - LANGUAGE CODE | |
| Language code of text/sound track or separate title | eng |
| 082 ## - DEWEY DECIMAL CLASSIFICATION NUMBER | |
| Edition number | 23 |
| Classification number | 328.30954 |
| Author mark and year | QUR 1994 |
| 100 1# - MAIN ENTRY--PERSONAL NAME | |
| Personal name | Qureshi, Mohammed Ahmad |
| Dates associated with a name | 1945- |
| 9 (RLIN) | 130067 |
| 245 10 - TITLE STATEMENT | |
| Title | Indian Parliament : |
| Remainder of title | powers, privileges, immunities / |
| Statement of responsibility, etc. | M.A. Qureshi ; foreword by Paras Diwan |
| 260 ## - PUBLICATION, DISTRIBUTION, ETC. (IMPRINT) | |
| Place of publication, distribution, etc. | New Delhi : |
| Name of publisher, distributor, etc. | Deep & Deep Publications, |
| Date of publication, distribution, etc. | c1991 |
| 300 ## - PHYSICAL DESCRIPTION | |
| Pagination | 123 p. ; |
| Size | 22 cm |
| 504 ## - BIBLIOGRAPHY, ETC. NOTE | |
| Bibliography, etc | Bibliogr.: p. [119]-121and Index |
| 650 #0 - SUBJECT ADDED ENTRY--TOPICAL TERM | |
| Topical term or geographic name as entry element | Parliamentary practice |
| Geographic subdivision | India |
| 9 (RLIN) | 130026 |
| Topical term or geographic name as entry element | Representative government and representation |
| Geographic subdivision | India |
| 9 (RLIN) | 130068 |
| Topical term or geographic name as entry element | Legislative bodies |
| General subdivision | Privileges and immunities |
| Geographic subdivision | India |
| 9 (RLIN) | 130069 |
| 942 ## - ADDED ENTRY ELEMENTS (KOHA) | |
| Source of classification or shelving scheme | Dewey Decimal Classification |
| Koha item type | Books |
| Lost status | Source of classification or shelving scheme | Damaged status | Not for loan | Collection code | Permanent Location | Current Location | Shelving location | Date acquired | Source of acquisition | Cost, normal purchase price | Total Checkouts | Full call number | Date last seen | Copy number | Koha item type |
|---|---|---|---|---|---|---|---|---|---|---|---|---|---|---|---|
| Dewey Decimal Classification | Non-fiction | Central Library, University of Rajshahi | Central Library, University of Rajshahi | 27/11/1996 | Tulip enter prise | 100.00 | 328.30954 QUR 1994 | 03/09/2016 | C-2 | Books | |||||
| Dewey Decimal Classification | Non-fiction | Central Library, University of Rajshahi | Central Library, University of Rajshahi | 30/03/2000 | dhaka.lucky | 100.00 | 328.30954 QUR 1996 | 16/10/2016 | C-3 | Books | |||||
| Dewey Decimal Classification | Not For Loan | Non-fiction | Central Library, University of Rajshahi | Central Library, University of Rajshahi | Reading Room | 27/11/1996 | Tulip Enterprise, Dhaka | 1.00 | 328.30954 QUR 1994 | 19/12/2016 | C-1 | Books |